| 000 | 00468nam a2200169Ia 4500 | ||
|---|---|---|---|
| 003 | LK-CoDNM | ||
| 008 | 010623t1996 xxu||||| |||| 00| 1 sin d | ||
| 040 |
_aLK-CoDNM _dLK-CoDNM _eLK-CoDNM |
||
| 041 | _asin | ||
| 080 |
_a341.783 _bJTY |
||
| 245 | _aජාත්යන්තර කමිකරු සංවිධානය | ||
| 246 | _aInternational Labour Organization | ||
| 260 |
_b _c1996 |
||
| 300 | _bp.135, 27.3 cm | ||
| 650 | _aOrganisation | ||
| 942 | _cBK | ||
| 999 |
_c117685 _d117685 |
||